ORDINARY DIFFERENTIAL EQUATIONS (Record no. 8573)

MARC details
000 -LEADER
fixed length control field 00582nam a22001937a 4500
003 - CONTROL NUMBER IDENTIFIER
control field OSt
005 - DATE AND TIME OF LATEST TRANSACTION
control field 20240617161348.0
008 - FIXED-LENGTH DATA ELEMENTS--GENERAL INFORMATION
fixed length control field 240617b |||||||| |||| 00| 0 eng d
020 ## - INTERNATIONAL STANDARD BOOK NUMBER
International Standard Book Number 9780486649405
040 ## - CATALOGING SOURCE
Transcribing agency MUST
082 ## - DEWEY DECIMAL CLASSIFICATION NUMBER
Classification number 515.35 TEN 1985
100 ## - MAIN ENTRY--PERSONAL NAME
Personal name Tenenbaum Morris
9 (RLIN) 17388
245 ## - TITLE STATEMENT
Title ORDINARY DIFFERENTIAL EQUATIONS
Remainder of title A n Elementary textbook for students of mathematics,Engineering,and the sciences
Statement of responsibility, etc. Morris Tenenbaum
300 ## - PHYSICAL DESCRIPTION
Extent xvii, 791p
Other physical details ill.
Dimensions 21.3cm
504 ## - BIBLIOGRAPHY, ETC. NOTE
Bibliography, etc indexes
600 ## - SUBJECT ADDED ENTRY--PERSONAL NAME
Source of heading or term mathematics
700 ## - ADDED ENTRY--PERSONAL NAME
Personal name pollard Harry
9 (RLIN) 17389
942 ## - ADDED ENTRY ELEMENTS (KOHA)
Source of classification or shelving scheme Dewey Decimal Classification
Koha item type Open Shelf
Holdings
Withdrawn status Lost status Source of classification or shelving scheme Damaged status Not for loan Home library Current library Date acquired Total Checkouts Full call number Barcode Date last seen Price effective from Koha item type
    Other/Generic Classification Scheme     MUST Main Library MUST Main Library 17/06/2024   515.35 TEN 1985 2024-20703 17/06/2024 17/06/2024 Open Shelf